00297pab a2200121 454500008004000000100001700040245004200057260000900099300001100108362000900119650002900128773001800157180718b1985 xxu||||| |||| 00| 0 eng d aSriraman, S. aTransport problems in the Soviet Bloc c1985 a378-92 aDec. aTransportation - U.S.S.R aArtha Vijnana